| 000 | 01121nam a2200313 i 4500 | ||
|---|---|---|---|
| 003 | DO-SdBPM | ||
| 005 | 20260427110810.0 | ||
| 007 | ta | ||
| 008 | 260217b2025 dr ab || 00| 0 spa d | ||
| 020 | _a9789945510973 | ||
| 040 |
_aDO-SdBPM _bspa _cBPMSU _erda |
||
| 041 | _aspa | ||
| 082 | 4 |
_a972.9302 _bM938h 2025 _222 |
|
| 100 | 1 |
_aMoya Pons, Frank, _d1944- _eautor _4aut. |
|
| 245 | 1 | 0 |
_aHistoria dominicana para todos (1) : _bensayo / _cFrank Moya Pons ; edición, Clara Dobarro |
| 264 | 4 |
_aSanto Domingo : _bMinisterio de Cultura; _bEditora Nacional, _c©2025. |
|
| 300 |
_a101 páginas : _bilustraciones, mapas ; _c21 cm. |
||
| 336 |
_atexto _btxt _2rdacontent |
||
| 337 |
_asin mediación _bn _2rdamedia |
||
| 338 |
_avolumen _bnc _2rdacarrier |
||
| 500 | _aIncluye datos biográficos del autor en las solapas | ||
| 590 | _aInventariado, 2026/VM | ||
| 650 | _2 | ||
| 651 | 7 |
_aIsla Española (Haití y República Dominicana) _xHistoria |
|
| 651 | 7 |
_aRepública Dominicana _xHistoria _yColonia, 1503-1844 |
|
| 700 | 1 |
_aDobarro, Clara, _eeditor _4ed. |
|
| 910 | _aVMateo V. Control de calidad. BPMSU | ||
| 942 |
_2ddc _cBK |
||
| 999 |
_c15794 _d15794 |
||